| 000 | 00763nam a22002417a 4500 | ||
|---|---|---|---|
| 005 | 20170124110157.0 | ||
| 010 | _a690344 | ||
| 020 |
_c00.00 _a0912776056 |
||
| 035 | _a690344 | ||
| 037 | _bCen Lib/Ret | ||
| 040 |
_aDPL _bEN |
||
| 082 |
_a181.432 _bBHA |
||
| 100 |
_aBhaktivedanta, S. Prabhupada, A.C. _935308 |
||
| 245 |
_aThe nectar of devotion : _cby A.C.Bhaktivedanta, S. Prabhupada _bhe complete science of Bhakti Yoga, / |
||
| 260 |
_aLos Angeles _bIskcon Books _c1970 |
||
| 270 |
_a3764,Wasteka Avenue _bLos Angeles |
||
| 300 |
_axxiv,415p. _c22cm(Hb) |
||
| 500 | _aIncludes glossary reference and index | ||
| 650 |
_aYoga, Bhakti _935309 |
||
| 650 |
_aBhakti _935310 |
||
| 700 | _935082 | ||
| 942 |
_2ddc _cEN _h181.432 _mBHA |
||
| 999 |
_c132630 _d132630 |
||